000 00252nam a2200109Ia 4500
008 200302s9999 xx 000 0 und d
100 _aCatherine Collin
245 _aSketcht Landscape
260 _bLoft Publishing
260 _c2009
300 _a499 P.,
999 _c3019
_d3019